| 000 | 00726nam a22002537a 4500 | ||
|---|---|---|---|
| 003 | UA-OsUOA | ||
| 001 | 72873 | ||
| 007 | ta | ||
| 008 | 20110129b un ||||| |||| 00| 0 ukr d | ||
| 100 | _aДавидов Г. М. | ||
| 700 | _aШалімова Н. С. | ||
| 090 |
_a657.37:658 _bД13 |
||
| 942 | _cBK | ||
| 040 |
_aUA-OsUOA _bukr _cUA-OsUOA _dUA-OsUOA |
||
| 245 |
_aЗвітність підприємств _bнавч. посіб. |
||
| 300 | _a623 с. | ||
| 955 | _a2 | ||
| 041 | _aukr | ||
| 080 | _a657.37:658 | ||
| 020 | _a978-966-346-560-9 | ||
| 260 |
_aК. _bЗнання _c2010 |
||
| 650 | 7 |
_a657 Бухгалтерія. Бухгалтерський облік. Рахівництво _2UDC |
|
| 999 |
_c359156 _d359156 |
||